00462nam a22001337a 4500003000400000005001700004008004100021040002200062082001800084100002700102245008000129260010100209300001800310OSt20221012202217.0221012b |||||||| |||| 00| 0 eng d cBiblioteca Lado V a700.74bEl34b aEilitz, MateoeMontaje aBedel, Benedit, Bony, Bruzzone en la XVIII Bienal Internacional de Venecia/ aItaliabDirección General de Asuntos Culturales del Ministerio de Relaciones Exteriores c1999 a35p.c24x30cm